The Challenge Of Development: (Record no. 187424)
[ view plain ]
| 000 -LEADER | |
|---|---|
| fixed length control field | 00798nam a22002417a 4500 |
| 005 - DATE AND TIME OF LATEST TRANSACTION | |
| control field | 20220419131431.0 |
| 010 ## - LCCN (DPL NO) | |
| LC control number | ENG-132320 |
| 020 ## - INTERNATIONAL STANDARD BOOK NUMBER | |
| International Standard Book Number | 9788193376157 |
| Terms of availability | 250.00 |
| 035 ## - SYSTEM CONTROL NUMBER | |
| System control number | EN-115852 |
| 037 ## - SOURCE OF ACQUISITION | |
| Source of stock number/acquisition | DBAD/PUB |
| 082 ## - DEWEY DECIMAL CLASSIFICATION NUMBER | |
| Classification number | 338.954164 |
| 100 ## - MAIN ENTRY--PERSONAL NAME | |
| Personal name | Fernandes, Walter |
| 245 ## - TITLE STATEMENT | |
| Title | The Challenge Of Development: |
| Remainder of title | Displacement in Nagaland 1947-2010/ |
| Statement of responsibility, etc | Walter Fernandes [et.al...] |
| 260 ## - PUBLICATION, DISTRIBUTION, ETC. (IMPRINT) | |
| Place of publication, distribution, etc | Guwahati |
| Name of publisher, distributor, etc | North Eastern Social Research Centre |
| Date of publication, distribution, etc | 2017 |
| 270 ## - ADDRESS | |
| Address | GMCH Road, Christian Basti |
| City | Guwahati |
| Postal code | 781005 |
| Electronic mail address | nerscrghy@gmail.com |
| 300 ## - PHYSICAL DESCRIPTION | |
| Extent | ix, 284p. |
| Dimensions | 22cm(pbk) |
| 700 ## - ADDED ENTRY--PERSONAL NAME | |
| Personal name | Mughavi, Bokali Chishi |
| 700 ## - ADDED ENTRY--PERSONAL NAME | |
| Personal name | Pienyu, Medonuo |
| 700 ## - ADDED ENTRY--PERSONAL NAME | |
| Personal name | Achumi, K. Alibo |
| 700 ## - ADDED ENTRY--PERSONAL NAME | |
| Personal name | Yanthan, Mhonthung |
| 700 ## - ADDED ENTRY--PERSONAL NAME | |
| Personal name | Fidelia, Thejanuo |
| 942 ## - ADDED ENTRY ELEMENTS (KOHA) | |
| Source of classification or shelving scheme | Dewey Decimal Classification |
| Item type | English Books |
| Classification part | 338.954164 |
| Call number suffix | THE |
| Withdrawn status | Lost status | Not for loan | Collection code | Home library | Current library | Date acquired | Source of acquisition | Cost, normal purchase price | Full call number | Barcode | Copy number | Cost, replacement price | Koha item type |
|---|---|---|---|---|---|---|---|---|---|---|---|---|---|
| Non-fiction | Central Library | Central Library | 19/04/2022 | DBAD/PUB | 250.00 | 338.954164 THE | EN-115852 | 1 | 250.00 | English Books |
